Four against the Bank of England / (Запис № 498398)
[ простий вигляд ]
| 000 -LEADER | |
|---|---|
| fixed length control field | 01627cam a2200385Ii 4500 |
| 001 - CONTROL NUMBER | |
| control field | fouragainstbanko00huxl |
| 003 - CONTROL NUMBER IDENTIFIER | |
| control field | CaSfIA |
| 005 - DATE AND TIME OF LATEST TRANSACTION | |
| control field | 20210118084309.0 |
| 007 - PHYSICAL DESCRIPTION FIXED FIELD--GENERAL INFORMATION | |
| fixed length control field | cr|||| |
| 008 - FIXED-LENGTH DATA ELEMENTS--GENERAL INFORMATION | |
| fixed length control field | 801205r19801969nyuaf b 001 0deng d |
| 010 ## - LIBRARY OF CONGRESS CONTROL NUMBER | |
| LC control number | 80082216 |
| 040 ## - CATALOGING SOURCE | |
| Original cataloging agency | MDB |
| Transcribing agency | MDB |
| Modifying agency | OCL |
| -- | OCLCQ |
| -- | OCLCG |
| -- | CaSfIA |
| 020 ## - INTERNATIONAL STANDARD BOOK NUMBER | |
| International Standard Book Number | 087216750X (pbk.) : |
| Terms of availability | $2.50 |
| 020 ## - INTERNATIONAL STANDARD BOOK NUMBER | |
| International Standard Book Number | 9780872167506 (pbk.) |
| 035 ## - SYSTEM CONTROL NUMBER | |
| System control number | (OCoLC)7002255 |
| 043 ## - GEOGRAPHIC AREA CODE | |
| Geographic area code | e-uk--- |
| 082 04 - DEWEY DECIMAL CLASSIFICATION NUMBER | |
| Classification number | 364.16/3/09421 |
| Edition number | 19 |
| 090 ## - LOCALLY ASSIGNED LC-TYPE CALL NUMBER (OCLC); LOCAL CALL NUMBER (OCLC) | |
| Classification number (OCLC) (R) ; Classification number, CALL (RLIN) (NR) | HV6685.G7 |
| Local cutter number (OCLC) ; Book number/undivided call number, CALL (RLIN) | H88 1980 |
| 100 1# - MAIN ENTRY--PERSONAL NAME | |
| Personal name | Huxley, Ann, |
| Dates associated with a name | 1922- |
| 245 10 - TITLE STATEMENT | |
| Title | Four against the Bank of England / |
| Medium | [electronic resource] |
| Statement of responsibility, etc | Ann Huxley. |
| 260 ## - PUBLICATION, DISTRIBUTION, ETC. (IMPRINT) | |
| Place of publication, distribution, etc | New York : |
| Name of publisher, distributor, etc | Playboy Paperbacks, |
| Date of publication, distribution, etc | 1980, c1969. |
| 300 ## - PHYSICAL DESCRIPTION | |
| Extent | 224 p., [8] leaves of plates : |
| Other physical details | ill. ; |
| Dimensions | 18 cm. |
| 504 ## - BIBLIOGRAPHY, ETC. NOTE | |
| Bibliography, etc | Includes bibliographical references (p. 218-219) and index. |
| 506 ## - RESTRICTIONS ON ACCESS NOTE | |
| Standardized terminology for access restriction | Необхідна авторизація на https://archive.org/ (створення облікового запису безкоштовно) |
| 506 ## - RESTRICTIONS ON ACCESS NOTE | |
| Standardized terminology for access restriction | Необхідна авторизація на https://openlibrary.org/ (створення облікового запису безкоштовно) |
| 650 #0 - SUBJECT ADDED ENTRY--TOPICAL TERM | |
| Topical term or geographic name as entry element | Forgery |
| Geographic subdivision | Great Britain |
| Form subdivision | Case studies. |
| 610 20 - SUBJECT ADDED ENTRY--CORPORATE NAME | |
| Corporate name or jurisdiction name as entry element | Bank of England. |
| 600 10 - SUBJECT ADDED ENTRY--PERSONAL NAME | |
| Personal name | Bidwell, Austin Biron. |
| 600 10 - SUBJECT ADDED ENTRY--PERSONAL NAME | |
| Personal name | Bidwell, George, |
| Dates associated with a name | d. 1899. |
| 600 10 - SUBJECT ADDED ENTRY--PERSONAL NAME | |
| Personal name | Noyes, Edwin. |
| 600 10 - SUBJECT ADDED ENTRY--PERSONAL NAME | |
| Personal name | Macdonnell, George. |
| 856 41 - ELECTRONIC LOCATION AND ACCESS | |
| Uniform Resource Identifier | <a href="http://www.archive.org/details/fouragainstbanko00huxl">http://www.archive.org/details/fouragainstbanko00huxl</a> |
| Public note | Free eBook from the Internet Archive |
| 856 42 - ELECTRONIC LOCATION AND ACCESS | |
| Uniform Resource Identifier | <a href="http://www.openlibrary.org/books/OL24588808M">http://www.openlibrary.org/books/OL24588808M</a> |
| Public note | Additional information and access via Open Library |
| 942 ## - ADDED ENTRY ELEMENTS (KOHA) | |
| Koha item type | ЕКнига |
Немає доступних примірників.